000 00356 a2200157 4500
001 186744
020 _a978-85-7635-045-9
040 _cMagnum
100 _aMurray, Roseana
240 1 0 _aMaria-fumaça cheia de graça
_lpor
245 1 0 _aMaria-fumaça cheia de graça
300 _a30
362 0 _a2005
697 _aLITERATURA INFANTO
942 _cBK
999 _c186744
_d186744